000 00443nam a2200181Ia 4500
005 20240823012158.0
008 240823s9999||||xx |||||||||||||| ||und||
041 _aENGLISH
082 _A519 P2
100 _aNarayanan [et al]
245 0 _aAdvanced Mathematics for Engineering Students
250 _a2nd
260 _c2002
_bViswanat
_aChennai
500 _aTransfered
650 _aMATHS
_bMathematics
942 _cBK
999 _c163664
_d163664